000 04024namaa22004211i 4500
003 EG-GICUC
005 20260120115926.0
008 260109s2025 ua a|||frm||| 000 0 eng d
040 _aEG-GICUC
_beng
_cEG-GICUC
_dEG-GICUC
_erda
041 0 _aeng
_beng
_bara
049 _aDeposit
082 0 4 _a420
092 _a420
_221
097 _aPh.D
099 _aCai01.02.12.Ph.D.2025.Na.P
100 0 _aNariman Mohamed Mohamed Eid,
_epreparation.
245 1 4 _aThe politics of space in the poetry of Carol Ann Duffy /
_cby Nariman Mohamed Mohamed Eid ; Supervision Prof. Shereen Abouelnaga.
246 1 5 _aسياسات المكان فى شعر كارول آن دافى
264 0 _c2025.
300 _a163 pages :
_billustrations ;
_c25 cm. +
_eCD.
336 _atext
_2rda content
337 _aUnmediated
_2rdamedia
338 _avolume
_2rdacarrier
502 _aThesis (Ph.D)-Cairo University, 2025.
504 _aBibliography: pages 151-163.
520 3 _aDespite the fact that Carol Ann Duffy’s poetry has become a popular area of research, especially after she became Poet Laureate in 2009, space is an under- researched element in her work. This research focuses on the politics of space as shown in six of Duffy’s poetry collections. The complex interplay between center and margin provides the figures in Duffy’s poems with new spaces that engage them in processes of motion and transformation. The figures therefore move in order to find their freedom or lose their agency and remain confined. Thus, whether Duffy’s figures are endowed with or deprived of voice will be another question of this study in the light of the politics of space. This will be done by inspecting spaces of confinement, spaces which allow traversing from margin to center and a more intriguing space of the unending. The research adopts an eclectic approach so as to explore Duffy’s poetry through a relatively fresh angle, namely, the intertwinement of space and voice.
520 3 _aعلى الرغم من أن شعر كارول آن دافى أصبح مجالا خصبا للبحث، خصوصاً منذ أن أصبحت الشاعرة الرسمية/ شاعرة البلاط عام 2009، إلا أن المكان فى شعرها لم يتم التركيز عليه بشكل كبير. يركز هذا البحث على سياسات المكان فى ستة دواوين شعرية لدافى. العلاقة المعقدة بين المركز والهامش تمد الشخصيات بمساحات جديدة تبقيهم دائما فى عملية حركة وتغيير. لذا، تتحرك بعض الشخصيات لتجد حريتها بينما يفشل البعض الآخر ويبقى مقيدا بلا فاعلية. لذلك، سوف يتعرض هذا البحث أيضا لإشكالية وجود صوت هذه الشخصيات أو انعدامه فى ضوء سياسات المكان. يفحص هذا البحث المساحات المقيدة للحركة، والمساحات التى تسمح للشخصيات بالعبور من الهامش الى المركز، ومساحة أكثر غموضا وهى اللامحدودية. يأخذ هذا البحث على عاتقه قراءة كتب دافى المختارة من خلال نهجا نقديا انتقائيا لفحص هذه الزاوية الجديدة نسبيا، ألا وهى تشابك الصوت مع المكان.
530 _aIssues also as CD.
546 _aText in English and abstract in Arabic & English.
650 0 _aEnglish language
650 0 _aاللغة الأنجليزية
653 1 _aSpace
_aCarol Ann Duffy
_aVoice
_aAgency Poetry
_aالمكان
_aكارول آن دافى
700 0 _aShereen Abouelnaga
_ethesis advisor.
900 _b01-01-2025
_cShereen Abouelnaga
_UCairo University
_FFaculty of Arts
_DDepartment of English Language and Literature
905 _aShimaa
_eEman Ghareb
942 _2ddc
_cTH
_e21
_n0
999 _c177531